<?xml version="1.0" encoding="UTF-8"?>
<record
    xmlns:xsi="http://www.w3.org/2001/XMLSchema-instance"
    xsi:schemaLocation="http://www.loc.gov/MARC21/slim http://www.loc.gov/standards/marcxml/schema/MARC21slim.xsd"
    xmlns="http://www.loc.gov/MARC21/slim">

  <leader>00695nam a22002177a 4500</leader>
  <controlfield tag="005">20240530110335.0</controlfield>
  <controlfield tag="008">140907s2006    au o   g      000 0 ara d</controlfield>
  <datafield tag="017" ind1=" " ind2=" ">
    <subfield code="a">2006/10476</subfield>
  </datafield>
  <datafield tag="020" ind1=" " ind2=" ">
    <subfield code="a">9773059081</subfield>
  </datafield>
  <datafield tag="040" ind1=" " ind2=" ">
    <subfield code="a">EG-CaGPL</subfield>
  </datafield>
  <datafield tag="082" ind1="0" ind2="4">
    <subfield code="2">21</subfield>
    <subfield code="a">579.40932</subfield>
    <subfield code="b">&#x642;/ &#x632;&#x631;</subfield>
  </datafield>
  <datafield tag="100" ind1="0" ind2=" ">
    <subfield code="a">&#x648;&#x641;&#x627;&#x621; &#x627;&#x644;&#x635;&#x62F;&#x64A;&#x642; </subfield>
  </datafield>
  <datafield tag="245" ind1="1" ind2="0">
    <subfield code="a">&#x631;&#x62D;&#x644;&#x629; &#x627;&#x644;&#x64A; &#x627;&#x644;&#x62E;&#x644;&#x648;&#x62F; /</subfield>
    <subfield code="c">&#x648;&#x641;&#x627;&#x621; &#x627;&#x644;&#x635;&#x62F;&#x64A;&#x642; </subfield>
  </datafield>
  <datafield tag="260" ind1=" " ind2=" ">
    <subfield code="a">&#x627;&#x644;&#x642;&#x627;&#x647;&#x631;&#x647; :</subfield>
    <subfield code="b">&#x627;&#x644;&#x645;&#x62C;&#x644;&#x633; &#x627;&#x644;&#x627;&#x639;&#x644;&#x64A; &#x644;&#x644;&#x627;&#x62B;&#x627;&#x631;&#x60C;</subfield>
    <subfield code="c">2006</subfield>
  </datafield>
  <datafield tag="300" ind1=" " ind2=" ">
    <subfield code="a">63 &#x635; &#x61B;</subfield>
    <subfield code="c">30 &#x633;&#x645; </subfield>
  </datafield>
  <datafield tag="650" ind1="0" ind2="7">
    <subfield code="a">&#x627;&#x644;&#x645;&#x648;&#x645;&#x64A;&#x627;&#x621;&#x627;&#x62A;</subfield>
  </datafield>
  <datafield tag="650" ind1="0" ind2="7">
    <subfield code="a">&#x627;&#x644;&#x62A;&#x62D;&#x646;&#x64A;&#x637; &#x639;&#x646;&#x62F; &#x627;&#x644;&#x641;&#x631;&#x627;&#x639;&#x646;&#x647; </subfield>
  </datafield>
  <datafield tag="650" ind1="0" ind2="7">
    <subfield code="a">&#x627;&#x644;&#x62D;&#x636;&#x627;&#x631;&#x647; &#x627;&#x644;&#x641;&#x631;&#x639;&#x648;&#x646;&#x64A;&#x647; </subfield>
  </datafield>
  <datafield tag="700" ind1="0" ind2=" ">
    <subfield code="a">&#x632;&#x627;&#x647;&#x649; &#x62D;&#x648;&#x627;&#x633; </subfield>
    <subfield code="e">&#x645;&#x642;&#x62F;&#x645;</subfield>
  </datafield>
  <datafield tag="942" ind1=" " ind2=" ">
    <subfield code="2">ddc</subfield>
    <subfield code="c">BK</subfield>
  </datafield>
  <datafield tag="999" ind1=" " ind2=" ">
    <subfield code="c">59782</subfield>
    <subfield code="d">59782</subfield>
  </datafield>
  <datafield tag="952" ind1=" " ind2=" ">
    <subfield code="0">0</subfield>
    <subfield code="1">0</subfield>
    <subfield code="4">0</subfield>
    <subfield code="7">0</subfield>
    <subfield code="a">CAI</subfield>
    <subfield code="b">CAI</subfield>
    <subfield code="d">2014-09-07</subfield>
    <subfield code="l">0</subfield>
    <subfield code="o">579.40932 &#x642;/ &#x632;&#x631;</subfield>
    <subfield code="p">158705</subfield>
    <subfield code="r">2014-09-07 00:00:00</subfield>
    <subfield code="w">2014-09-07</subfield>
    <subfield code="y">BK</subfield>
  </datafield>
  <datafield tag="952" ind1=" " ind2=" ">
    <subfield code="0">0</subfield>
    <subfield code="1">0</subfield>
    <subfield code="4">0</subfield>
    <subfield code="7">0</subfield>
    <subfield code="a">CAI</subfield>
    <subfield code="b">CAI</subfield>
    <subfield code="d">2014-09-07</subfield>
    <subfield code="l">0</subfield>
    <subfield code="o">579.40932 &#x642;/ &#x632;&#x631;</subfield>
    <subfield code="p">158706</subfield>
    <subfield code="r">2014-09-07 00:00:00</subfield>
    <subfield code="w">2014-09-07</subfield>
    <subfield code="y">BK</subfield>
  </datafield>
</record>
